Most Popular Baby Names in Portugal - Statistics

General Stats
  • This quiz has been taken 95 times
  • The average score is 3 of 20
Answer Stats
Gender First Letter Name % Correct
Girl M Maria
61%
Boy J Jose
32%
Girl J Joana
28%
Boy P Paulo
27%
Boy M Miguel
25%
Boy D Davi
20%
Girl B Bruna
15%
Boy R Rodrigo
13%
Girl V Vera
13%
Boy F Filipe
12%
Girl L Lucia
9%
Girl E Emilia
5%
Girl F Fernanda
5%
Boy E Eduarda
3%
Boy E Emilio
1%
Boy A Abel
0%
Boy B Benedito
0%
Girl C Catatrina
0%
Boy C Cruz
0%
Girl G Gloria
0%
No matching quizzes found
Score Distribution
Percent of People with Each Score
Percentile by Number Answered
Your Score History
You have not taken this quiz